2023 Calendrier de l'Avent 17 : en espagnol - Statistiques

Statistiques générales
  • Ce quiz a été pris 11 fois
  • Le résultat moyen est 5 sur 24
Statistiques - réponses
Français Anglais % Correct
Noël Navidad
89%
Joyeux Noël Feliz Navidad
78%
Boule Bola
44%
Cadeau Regalo
44%
Rois mages Reyes magos
44%
Sapin de Noël Arbol de Navidad
22%
Cheminée Chimenea
22%
Père Noël Papa Noel
22%
Papier cadeau Papel de regalo
22%
Bougie Vela
22%
Décorations Adornos | Decoraciones
11%
Cloche Campana
11%
Réveillon de Noël Nochebuena
11%
Renne Reno
11%
Houx Acebo
0%
Crèche Belen | Pesebre
0%
Calendrier de l'Avent Calendario de Adviento
0%
Guirlande Guirnaldas
0%
Messe de Noël Misa de navidad
0%
Gui Muerdago
0%
Bonhomme de neige Muneco de nieve
0%
Carte de Noël Tarjeta de Navidad
0%
Traineau Trineo
0%
Chant de Noël Villancico
0%
Aucun quiz correspondant
Distribution des résultats
% des personnes avec chaque résultat
Percentile par nombre de réponses
Votre historique - résultats
Vous n’avez pas pris ce quiz